AIESA - Budovanie spoločnosti založenej na vedomostiach zborník abstraktov - 18. medzinárodná vedecká konferencia, 25.-26. október 2018, Bratislava (EU FHI)

Salvato in:
Dettagli Bibliografici
Ente Autore: Ekonomická univerzita v Bratislave. Fakulta hospodárskej informatiky
Altri autori: Čerteková, Eva
Natura: Libro
Lingua:slovacco
inglese
Pubblicazione: Bratislava Letra Edu 2018
Edizione:1. vydanie
Soggetti:
Tags: Aggiungi Tag
Nessun Tag, puoi essere il primo ad aggiungerne!!

MARC

LEADER 00000nam a2200000 4500
001 0248979
005 20240502074000.1
041 0 |a slo 
041 0 |a eng 
044 |a SK 
245 1 0 |a AIESA - Budovanie spoločnosti založenej na vedomostiach  |b zborník abstraktov - 18. medzinárodná vedecká konferencia, 25.-26. október 2018, Bratislava (EU FHI)  |c zostavovateľ: Eva Čerteková 
250 |a 1. vydanie 
264 1 |a Bratislava  |b Letra Edu  |c 2018 
300 |a 40 s. [1,78 AH] 
610 2 0 |a spoločnosť vedomostná 
610 2 0 |a technológie informačné 
610 2 0 |a systémy informačné 
610 2 0 |a účtovníctvo 
610 2 0 |a štatistika 
610 2 0 |a aktuári 
610 2 0 |a rozvoj sociálno-ekonomický 
610 2 0 |a rozhodovanie 
610 2 0 |a výskum operačný 
610 2 0 |a modely ekonometrické 
610 2 0 |a Slovensko 
610 2 0 |a Česko 
610 2 0 |a Európa 
700 1 |a Čerteková, Eva 
710 2 |a Ekonomická univerzita v Bratislave. Fakulta hospodárskej informatiky